Cơ học môi trường liên tục

שמור ב:
מידע ביבליוגרפי
מחבר ראשי: Đào, Huy Bích
פורמט: ספר
שפה:Undetermined
יצא לאור: Hà Nội Đại học Quốc gia 2003
נושאים:
תגים: הוספת תג
אין תגיות, היה/י הראשונ/ה לתייג את הרשומה!
Thư viện lưu trữ: Trung tâm Học liệu Trường Đại học Cần Thơ
LEADER 00558nam a2200193Ia 4500
001 CTU_92982
008 210402s9999 xx 000 0 und d
020 |c 34500 
082 |a 531 
082 |b B302 
100 |a Đào, Huy Bích 
245 0 |a Cơ học môi trường liên tục 
245 0 |c Đào Huy Bích, Nguyễn Đăng Bích 
260 |a Hà Nội 
260 |b Đại học Quốc gia 
260 |c 2003 
650 |a Continuum mechanics 
904 |i Minh, QHieu 
980 |a Trung tâm Học liệu Trường Đại học Cần Thơ